Dans quelle ville évoluent ces clubs français ? - Statistiques

Statistiques générales
  • Ce quiz a été pris 132 fois
  • Le résultat moyen est 17 sur 18
Statistiques - réponses
Clubs Villes % Correct
OM Marseille
100%
PSG Paris
100%
PFC Paris
100%
OL Lyon
99%
LOSC Lille
98%
FCN Nantes
98%
TFC Toulouse
98%
ASM Monaco
97%
OGCN Nice
97%
RCL Lens
95%
SCO Angers
93%
RCSA Strasbourg
93%
AJA Auxerre
92%
SB29 Brest
92%
HAC Le Havre
92%
SRFC Rennes
92%
FCL Lorient
90%
FCM Metz
79%
Aucun quiz correspondant
Distribution des résultats
% des personnes avec chaque résultat
Percentile par nombre de réponses
Votre historique - résultats
Vous n’avez pas pris ce quiz